| 000 | 02157cam a22004934i 4500 | ||
|---|---|---|---|
| 003 | PE-LiUPU | ||
| 005 | 20250731172913.0 | ||
| 008 | 150617s1977 miu r 000 0 spa d | ||
| 035 | _a(Sirsi) a16965 | ||
| 040 |
_aPE-LiUPU _bspa _cPE-LiUPU _erda |
||
| 049 | _aPRUA | ||
| 082 | 0 | 4 |
_a286.709 _bH65 _221 |
| 100 | 1 |
_aHoekema, Antonio A., _eautor. |
|
| 245 | 1 | 4 |
_aLos Adventistas del Séptimo Día / _cAntonio A. Hoekema. |
| 264 | 1 |
_aGrand Rapids, Michigan : _bSubcomisión Literatura Cristiana de la Iglesia Cristiana Reformada, _c1977. |
|
| 300 |
_a96 páginas ; _c21 centímetros |
||
| 336 |
_atext _2rdacontent |
||
| 337 |
_aunmediated _2rdamedia |
||
| 338 |
_avolume _2rdacarrier |
||
| 505 | 0 | _aHistoria -- Fuente de Autoridad -- Doctrinas -- Apéndice A: El juicio investigatorio y la doctrina del chivo expiatorio en el Adventismo del Séptimo Día -- Apéndice B: La enseñanza de los adventistas del Séptimo Día sobre el sábado. | |
| 526 | _aSEG42 | ||
| 526 | _aSEG41 | ||
| 526 | _aSEG40 | ||
| 526 | _aSEG39 | ||
| 526 | _aP94 | ||
| 526 | _aP87 | ||
| 526 | _aP86 | ||
| 526 | _aP85 | ||
| 526 | _aP77 | ||
| 526 | _aP76 | ||
| 526 | _aP35 | ||
| 650 | 1 | 4 |
_aAdventistas del Séptimo Día _xDoctrinas. |
| 650 | 2 | 4 |
_aAdventistas del Séptimo Día _xHistoria. |
| 910 |
_ajck _bjvq _cjck _d20150616 |
||
| 942 |
_2ddc _cBOOK |
||
| 949 |
_a286.709 H65 _wDEWEY _c1 _i17959 _lCCODEBUL1 _mBUL _p15.00 _r0 _sY _tBOOK _u19790428 _xTEOLOGIA _PP35 _0COMPRA _o.STAFF. Colección Teología |
||
| 949 |
_a286.709 H65 _wDEWEY _c2 _i16560 _lCCODEBUL1 _mBUL _p15.00 _r0 _sY _tBOOK _u19790428 _xTEOLOGIA _PP35 _0COMPRA _o.STAFF. Colección Teología |
||
| 994 |
_aC0 _bPEPRU |
||
| 596 | _a1 | ||
| 999 |
_a286.709 H65 _wDEWEY _c16491 _i17959 _d16491 _f2021-11-12 _g6 _lCCODEBUL1 _mBUL _p15.00 _q3 _r0 _sY _tBOOK _u2015-6-17 _xTEOLOGIA _PP35 _0COMPRA _o.STAFF. Colección Teología |
||
| 999 |
_a286.709 H65 _wDEWEY _c2 _i16560 _d2016-6-6 _e2016-5-30 _f2021-11-12 _g6 _lCCODEBUL1 _mBUL _n1 _p15.00 _r0 _sY _tBOOK _u2015-6-17 _xTEOLOGIA _PP35 _0COMPRA _o.STAFF. Colección Teología |
||
| 980 |
_81 _gALBERTO SANCHEZ Responsable de Automatización |
||